| 000 | 00477 a2200169 4500 | ||
|---|---|---|---|
| 003 | OSt | ||
| 005 | 20231215150109.0 | ||
| 008 | 231215b |||||||| |||| 00| 0 eng d | ||
| 020 | _a9789352294992 | ||
| 040 | _coclc | ||
| 082 |
_a891.433 _bNAS/F |
||
| 100 |
_aNasrin, Taslima _95644 |
||
| 245 |
_aFRANSISI PREMI / _cTaslima Nasrin |
||
| 260 |
_aNew Delhi: _bVani Prakashan, _c2020. |
||
| 300 | _a335p | ||
| 942 |
_2ddc _cBK _h891.433 _iNAS/F _k891.433 _mNAS/F |
||
| 999 |
_c43426 _d43426 |
||